2M villes avec deux mots - Statistiques

Statistiques générales
  • Ce quiz a été pris 175 fois
    156 depuis la dernière actualisation
  • Le résultat moyen est 11 sur 28
Statistiques - réponses
Réponse % Correct
New York
83%
Los Angeles
81%
Buenos Aires
75%
San Francisco
71%
São Paulo
69%
Le Caire
67%
Rio de Janeiro
60%
Le Cap
58%
San Diego
54%
Saint-Pétersbourg
51%
Kuala Lumpur
47%
Addis-Abeba
41%
Abou Dabi
36%
San Antonio
36%
Hong Kong
33%
Hô-Chi-Minh-Ville
28%
Dar es Salam
26%
Saint-Domingue
26%
Belo Horizonte
25%
Port-au-Prince
25%
Las Vegas
24%
Tel Aviv
22%
Porto Alegre
11%
Saint-Louis
10%
Salt Lake City
7%
Kansas City
6%
San Juan
5%
Port Harcourt
2%
Aucun quiz correspondant
Distribution des résultats
% des personnes avec chaque résultat
Percentile par nombre de réponses
Votre historique - résultats
Vous n’avez pas pris ce quiz depuis la dernière actualisation